|
|
|
|
| LEADER |
00000cam a22000004a 4500 |
| 001 |
musev2_4086 |
| 003 |
MdBmJHUP |
| 005 |
20230905040513.0 |
| 006 |
m o d |
| 007 |
cr||||||||nn|n |
| 008 |
080620s2008 ilu o 00 0 eng d |
| 010 |
|
|
|z 2008027334
|
| 020 |
|
|
|a 9780809386642
|
| 020 |
|
|
|z 9780809329090
|
| 035 |
|
|
|a (OCoLC)457232386
|
| 040 |
|
|
|a MdBmJHUP
|c MdBmJHUP
|
| 043 |
|
|
|a n-us-il
|
| 050 |
0 |
4 |
|a F549.S7
|b S46 2008
|
| 082 |
0 |
|
|a 305.896/073077356
|2 22
|
| 100 |
1 |
|
|a Senechal de la Roche, Roberta,
|d 1950-
|
| 245 |
1 |
0 |
|a In Lincoln's Shadow :
|b The 1908 Race Riot in Springfield, Illinois /
|c Roberta Senechal de la Roche.
|
| 250 |
|
|
|a Southern Illinois University Press pbk. ed.
|
| 264 |
|
1 |
|a Carbondale :
|b Southern Illinois University Press,
|c 2008.
|
| 264 |
|
3 |
|a Baltimore, Md. :
|b Project MUSE,
|c 2012
|
| 264 |
|
4 |
|c ©2008.
|
| 300 |
|
|
|a 1 online resource (264 pages):
|b ill., maps ;
|
| 336 |
|
|
|a text
|b txt
|2 rdacontent
|
| 337 |
|
|
|a computer
|b c
|2 rdamedia
|
| 338 |
|
|
|a online resource
|b cr
|2 rdacarrier
|
| 500 |
|
|
|a Rev. ed. of: The sociogenesis of a race riot. c1990.
|
| 504 |
|
|
|a Includes bibliographical references (p. [212]-225) and index.
|
| 588 |
|
|
|a Description based on print version record.
|
| 650 |
|
0 |
|a African Americans
|z Illinois
|z Springfield
|x Social conditions
|y 20th century.
|
| 650 |
|
0 |
|a Race riots
|z Illinois
|z Springfield
|x History
|y 20th century.
|
| 651 |
|
0 |
|a Springfield (Ill.)
|x Race relations
|x History
|y 20th century.
|
| 655 |
|
7 |
|a Electronic books.
|2 local
|
| 700 |
1 |
|
|a Senechal de la Roche, Roberta,
|d 1950-
|t Sociogenesis of a race riot.
|
| 710 |
2 |
|
|a Project Muse.
|e distributor
|
| 830 |
|
0 |
|a Book collections on Project MUSE.
|
| 856 |
4 |
0 |
|z Texto completo
|u https://projectmuse.uam.elogim.com/book/4086/
|
| 945 |
|
|
|a Project MUSE - Custom Collection
|
| 945 |
|
|
|a Project MUSE - Archive Complete Foundation
|
| 945 |
|
|
|a Project MUSE - Archive History Foundation
|